我的彩铅好有趣.萌系小动物:零基础教学从入门到精通34个Q萌小动物 (Record no. 322817)

000 -LEADER
fixed length control field 00409 a2200145 4500
020 ## - ISBN
ISBN 9787571225377
082 ## - 索书号 Call Number
分类号Classification number 948.2
作者号 Author number 5470
100 ## - 作者
作者 罗贝妮 著
245 ## - 书名 TITLE
书名Title 我的彩铅好有趣.萌系小动物:零基础教学从入门到精通34个Q萌小动物
250 ## - 版本 EDITION STATEMENT
版本叙述 Edition statement 初版;平装
260 ## - 出版项PUBLICATION, DISTRIBUTION, ETC. (IMPRINT)
出版社 Name of publisher 湖北美术出版社
出版日期 Date of publication 2024
出版地 Place of publication 武汉
300 ## - 稽核项 PHYSICAL DESCRIPTION
页数 Number of Pages 187页
尺寸 Dimensions 24公分
500 ## - 一般附注 GENERAL NOTE
附注 General note
942 ## - ADDED ENTRY ELEMENTS (KOHA)
Koha item type Books
Holdings
Source of classification or shelving scheme Not for loan Permanent Location Current Location Shelving location Date acquired Source of acquisition Cost, normal purchase price Full call number Barcode Cost, replacement price Koha item type
    LIBRARY CHUNG HWA HIGH SCHOOL MUAR LIBRARY CHUNG HWA HIGH SCHOOL MUAR 9 艺术类(一楼) 2026-03-25 48.80 948.2 5470 050374 97.60 Books

Powered by Koha